01383cam a2200349 a 4500001001400000003000800014005001700022006001900039007001500058008004100073020003800114040003000152049002600182050002300208082001500231245013400246260002800380300004200408504005100450520016800501521001700669588004700686650003300733655002900766700003000795700002800825710001600853776003500869856009400904942001600998999001901014EDZ0000084970StDuBDS20161031105145.0m||||||||d||||||||cr |||||||||||120516s2003 enka fo| 001|0|eng d a9781446220405 (ebook) :cNo price aStDuBDSbengcStDuBDSepn aAlfaisal Main Library 0aHD30.3b.M348 200304a658.4522300aManagement and languageh[electronic resource] :bthe manager as a practical author /cDavid Holman and Richard Thorpe [editors]. aLondon :bSAGE,cc2003. a1 online resource (x, 196 p.) :bill. aIncludes bibliographical references and index.8 aThis text explores and develops the image of the manager as one who is aware of, and attends to, the way in which language is used in everyday managerial activity. aSpecialized. aDescription based on print version record. 0aCommunication in management. 7aElectronic books.2local1 aHolman, Davidq(David J.)1 aThorpe, Richard,d1951-2 aSage eBooks08iPrint version :z978076196908240uhttp://ezproxy.alfaisal.edu/login?url=http://sk.sagepub.com/books/management-and-language 2lcccEBOOKS c480557d480557